El poeta y su trabajo /
Guardado en:
| Format: | Bog |
|---|---|
| Sprog: | Spanish |
| Udgivet: |
Puebla, México:
Universidad Autónoma de Puebla,
1980-1985.
|
| Serier: | Signo y sociedad. Serie mayor
10 |
| Fag: | |
| Tags: |
Tilføj Tag
Ingen Tags, Vær først til at tagge denne postø!
|
MARC
| LEADER | 00000nam a22000007a 4500 | ||
|---|---|---|---|
| 008 | 150312s1985 mx | |||| 00| 0 spa d | ||
| 020 | |a 9688630039 | ||
| 040 | |a CRU CIICLA | ||
| 082 | |a 809.1 |b P745p | ||
| 245 | 1 | 3 | |a El poeta y su trabajo / |c Michael Hamburger, Paul Celan y otros ; selección, prólogo y notas de Hugo Gola |
| 260 | |a Puebla, México: |b Universidad Autónoma de Puebla, |c 1980-1985. | ||
| 300 | |a volúmenes | ||
| 490 | 1 | |a Signo y sociedad. Serie mayor |v 10 | |
| 505 | |r Michael Hamburger. |t Georg Trakl / | ||
| 505 | |r Paul Celan. |t El meridiano / | ||
| 505 | |r Gottfried Benn. |t Problema de la lírica / | ||
| 505 | |r Allen Ginsberg. |t El aliento poético y la usuara de Pound / | ||
| 505 | |r Louis Zufoksky. |t Declaración en favor de la poesía / | ||
| 505 | |r William Carlos Williams. |t Fragmentos / | ||
| 650 | 1 | 4 | |a CRITICA LITERARIA |
| 650 | 1 | 4 | |a POESIA |
| 942 | |2 ddc |c BK | ||
| 999 | |c 3992 |d 3992 | ||



